| 000 | 00000nim##2200000za#4500 |
| 001 | 9.648910 |
| 003 | CaOODSP |
| 005 | 20200401065056 |
| 007 | ss |||j||||||| |
| 008 | 150407|1960||||xxcnnn||q|||||||| n eng|d |
| 040 | |aCaOODSP|beng |
| 043 | |an-cn--- |
| 086 | 1 |aCH37-4/4-1960E-A |
| 110 | 1 |aCanada.|bCanadian Heritage. |bHuman Rights Directorate. |
| 245 | 10|aCanadian Bill of Rights |h[sound recording] |
| 260 | |aOttawa - Ontario : |bCanadian Heritage. |c1960. |
| 300 | |a1 audiocasette. |
| 590 | |a03-19|b2003-05-09 |
| 690 | 07|aHuman rights|2gcpds |
| 775 | 08|tDéclaration canadienne des droits |w(CaOODSP)9.682162 |
| 776 | 0#|tCanadian Bill of Rights |w(CaOODSP)9.664689 |
| 776 | 0#|tCanadian Bill of Rights |w(CaOODSP)9.664691 |
| 776 | 0#|tDéclaration canadienne des droits |w(CaOODSP)9.664692 |
| 776 | 0#|tDéclaration canadienne des droits |w(CaOODSP)9.664690 |